00301pab a2200121 454500008004000000100001700040245003500057260000900092300001500101362001100116650001800127773003400145180718b1997 xxu||||| |||| 00| 0 eng d aBansil, P.C. aOilseeds scenario: some issues c1997 ap.A191-200 a27 Dec aVegetable oil aEconomic and Political Weekly